| 000 | 00790nam a2200229Ia 4500 | ||
|---|---|---|---|
| 005 | 20240530110945.0 | ||
| 008 | 140319s2021 ua a g 000 0 ara d | ||
| 017 |
_bمصر. دار الكتب _a8047 |
||
| 020 | _a9789777333733 | ||
| 040 |
_aGCL / _cGCL |
||
| 082 | 0 | 4 |
_221 _a152.15 _bع ن |
| 100 | 0 | _aعينو عبدالله ابن الطاهر | |
| 245 | 1 | 0 |
_aنظرية التعلم السمعى / _cعينو عبدالله ابن الطاهر |
| 250 | _aط. 1 | ||
| 260 |
_aالاسكندرية : _bدار التعليم الجامعى، _c2021. |
||
| 300 |
_a162 ص. : _bايض ؛ _c24 سم. |
||
| 650 | 0 | 7 | _aالتعلم السمعى |
| 650 | 0 | 7 | _aالذكاء |
| 650 | 0 | 7 | _aنظريات التعلم |
| 942 |
_2ddc _cBK |
||
| 999 |
_c66895 _d66895 |
||